=LDR 00000nam 2200000 4500 =001 INLIS000000000008761 =005 20130612100605 =008 ***********************************Ind** =035 ##$$0010-061300000008761 =041 ##$$a Ind =082 ##$$a R.346.048 2 =090 ##$$a R.346.048 2, Ind U =245 ##$$a Undang-Undang Repoblik Indonesia No.19 thun 2002 tentang Hkcipta, Berserta Penjelasannya =260 ##$$a 2002 $b Bandung =300 ##$$a 76 hlm, 21 cm =650 ##$$a Hak Cipta-xUndang-Undang dan Peraturan